00424nam a2200145Ia 4500008004100000020001500041041001200056082001600068100001900084245011100103260002500214300000800239650001400247700001700261221030s9999 xx 000 0 und d a8120321863 aEnglish a105.23bRaj aS. Rajasekaran 0aNeural Networks Fuzzy Logic, & Genetic Algorithms Synthesis & Applicationcby S. Rajasekaran, G. A. V. Pai bPHIaNew Delhic2006 a439 aComputers aG. A. V. Pai